Popular Cat Names - Statistics

General Stats
  • This quiz has been taken 48 times
  • The average score is 4 of 15
Answer Stats
First Letter Name % Correct
L Luna
66%
B Bella
46%
L Lily
41%
O Oliver
39%
L Leo
29%
C Charlie
27%
N Nala
27%
B Bean
22%
S Simba
22%
M Milo
20%
G Garfield
10%
T Tigger
10%
B Bagheera
7%
B Bubba
2%
H Hobbes
0%
No matching quizzes found
Score Distribution
Percent of People with Each Score
Percentile by Number Answered
Your Score History
You have not taken this quiz